| 000 | 00372cam a22001097a 4500 | ||
|---|---|---|---|
| 008 | 180718b1966 xxu||||| |||| 00| 0 eng d | ||
| 082 | _aK5x42 Un3c | ||
| 245 |
_aTraining for commerce and the office: a report _cby Ministry of Labor, United Kingdom |
||
| 260 |
_aLondon _bHer Majesty's Stationery Office _c1966 |
||
| 300 | _a139+p. | ||
| 700 | _aUnited Kingdom. Ministry of Labor | ||
| 999 |
_c499956 _d499956 |
||